01569nam a2200421 i 4500001000700000003000800007005001700015006001900032007001500051008004100066020001800107020002800125035002100153040003100174050002200205080001000227082001200237100002400249245005200273264006500325300005300390336003100443337003300474338004300507490003100550500002300581588008300604590016200687650003000849650003400879650003800913650003700951655002700988797001801015830003201033856006301065999001901128118210FINmELB20241217174940.0m o d | cr cnu||||||||161114s2015 mx o 001 0 spa d z9786071623423 a9786071631046q(e-book) a(OCoLC)984783720 aFINmELBbspaerdacFINmELB 4aHV6030bC187 2015 a343.90 a3642231 aCampbell, Federico.13aLa era de la criminalidad /cFederico Campbell. 1aMéxico D.F. :bFCE - Fondo de Cultura Económica,c[2015] a1 recurso en línea (436 páginas sin numerar) atextobtxt2rdacontent/spa acomputadorabc2rdamedia/spa arecurso en líneabcr2rdacarrier/spa1 aColección Popular ;v721 aContiene índice. aDescripción basada en metadatos suministrados por el editor y otras fuentes. aRecurso electrónico. Santa Fe, Arg.: elibro, 2020. Disponible vía World Wide Web. El acceso puede estar limitado para las bibliotecas afiliadas a elibro. 0aCrimexPolitical aspects. 4aCrimenxAspectos políticos. 0aAssassinationxPolitical aspects. 4aAsesinatoxAspectos políticos. 4aLibros electrónicos.2 aelibro, Corp. 0aColección Popular ;v721.40uhttps://elibro.net/ereader/politecnicointernacional/109631 c118210d118210